| 000 | 00608nam a2200217 a 4500 | ||
|---|---|---|---|
| 001 | BRCA_7125 | ||
| 005 | 20190320205724.0 | ||
| 008 | 100112s19371919nyu#######---#000-0#eng-# | ||
| 041 | _aeng | ||
| 044 | _anyu | ||
| 050 | 4 |
_aHQ31 _b.S49 1937 |
|
| 245 | 1 | 0 |
_aSexual truths versus lies _bmisconceptions and exaggerations _ced. by William J. Robinson |
| 260 |
_aNueva York _bEugenics _c1937, c1919 |
||
| 300 |
_avi, 400p. _c19 cm. |
||
| 500 | _aP5 | ||
| 650 | 1 | 4 |
_aSexo _917503 |
| 650 | 1 | 4 |
_aEtica sexual _99275 |
| 700 | 1 |
_aRobinson, William Josephus _f1867-1936 _eed. _917704 |
|
| 902 | _aGFM | ||
| 942 |
_2lcc _cB |
||
| 999 |
_c6806 _d6806 |
||